THE CONSTITUTION OF INDIA: WITH SHORT COMMENTS (Record no. 8523)

MARC details
000 -LEADER
fixed length control field 00360nam a22001457a 4500
005 - DATE AND TIME OF LATEST TRANSACTION
control field 20240603145657.0
008 - FIXED-LENGTH DATA ELEMENTS--GENERAL INFORMATION
fixed length control field 240603b |||||||| |||| 00| 0 eng d
041 ## - LANGUAGE CODE
Language code of text/sound track or separate title eng
100 ## - MAIN ENTRY--AUTHOR NAME
Personal name DIGLOT EDITION
245 ## - TITLE STATEMENT
Title THE CONSTITUTION OF INDIA: WITH SHORT COMMENTS
260 ## - PUBLICATION, DISTRIBUTION, ETC. (IMPRINT)
Place of publication ALLAHABAD
Name of publisher ALIA LAW AGENCY
300 ## - PHYSICAL DESCRIPTION
Number of Pages 310;P
650 ## - SUBJECT ADDED ENTRY--TOPICAL TERM
Topical Term LAW
942 ## - ADDED ENTRY ELEMENTS (KOHA)
Koha item type Books
Holdings
Lost status Damaged status Collection code Home library Current library Shelving location Date acquired Source of acquisition Cost, normal purchase price Accession Number Koha item type
    LAW JRU Library JRU Library SHELF-29-A 03/06/2024 DONATION 110.00 0046/D Books